[Event "GER-ch Net Amateur Gr-B Vor2"]
[Site "Playchess.com INT"]
[Date "2020.04.15"]
[Round "2"]
[White "Susallek, Markus"]
[Black "Heiser, Quentin"]
[Result "1-0"]
[WhiteElo "1826"]
[BlackElo "1597"]
[PlyCount "113"]
[EventDate "2020.04.15"]
[EventType "swiss (blitz)"]
[EventRounds "9"]
[EventCountry "GER"]
[SourceTitle "CBM 196 Extra"]
[Source "ChessBase"]
[SourceDate "2020.07.31"]
[SourceVersion "1"]
[SourceVersionDate "2020.07.31"]
[SourceQuality "1"]

1. e4 e5 2. f4 d5 3. exd5 exf4 4. Nf3 Nf6 5. Be2 Nxd5 6. c4 Nf6 7. 0-0 Bd6 8. d4 0-0 9. Nc3 Re8 10. c5 Bf8 11. Bxf4 Nc6 12. Bg5 h6 13. Bh4 Be7 14. Kh1 Bg4 15. d5 Bxf3 16. Bxf3 Ne5 17. Bg3 Bxc5 18. Rc1 Nxf3 19. Qxf3 Re3 20. Qf4 Re7 21. Bh4 Be3 22. Qg3 g5 23. Rce1 Nxd5 24. Nxd5 Qxd5 25. Rxe3 Rxe3 26. Qxe3 gxh4 27. Qxh6 Re8 28. Qxh4 Re5 29. h3 Rg5 30. Qf2 Rh5 31. Kg1 Qe6 32. Qf3 Qg6 33. Rd1 Rh7 34. Rd8+ Kg7 35. Qc3+ Qf6 36. Rg8+ Kxg8 37. Qxf6 Rg7 38. Qd8+ Kh7 39. Qxc7 f6 40. Qc2+ Rg6 41. Kf2 Kh6 42. g4 Rg5 43. Kg3 f5 44. Qd2 fxg4 45. hxg4 Kg6 46. Qd6+ Kh7 47. Kf4 Rg7 48. g5 Rf7+ 49. Kg4 Rg7 50. Qh6+ Kg8 51. g6 Kf8 52. Kf5 Kg8 53. Kf6 Rc7 54. Qe3 Rc6+ 55. Kg5 Rc5+ 56. Kh6 Rc7 57. Qe8# 1-0